Представление документа в формате MARC21

Поле Инд. ПП Название Значение
Тип записи a
Библиографический уровень a
001 Контрольный номер RU/IS/BASE/262108663
005 Дата корректировки 20231225152703.1
084 a Индекс другой классификации/Индекс ББК 86.372.24-5; 86.372.24-4; 63.5(2=Рус)-7
090 00 a Полочн. индекс 63.5(2=Рус)
x Авторский знак Р 893
100 10 a Автор Громыко М. М.
245 00 a Заглавие Традиционный нравственный идеал и вера
650 04 a Основная рубрика исторические науки
a Основная рубрика этнология (этнография)
653 00 a Ключевые слова аскетизм
a Ключевые слова благотворительность
a Ключевые слова богомолье
a Ключевые слова богослужение
a Ключевые слова верования
a Ключевые слова взаимоотношения
a Ключевые слова взаимопомощь
a Ключевые слова гостеприимство
a Ключевые слова грамотность
a Ключевые слова духовная культура
a Ключевые слова духовные общины
a Ключевые слова иконы
a Ключевые слова исторические источники
a Ключевые слова крестьянство
a Ключевые слова молитвы
a Ключевые слова монахи
a Ключевые слова монахини
a Ключевые слова монашество
a Ключевые слова нормы поведения
a Ключевые слова нравственность
a Ключевые слова нравственный идеал
a Ключевые слова отправление культа
a Ключевые слова посты
a Ключевые слова православие
a Ключевые слова религиозная этика
a Ключевые слова религиозность
a Ключевые слова религиозный культ
a Ключевые слова репутация
a Ключевые слова ритуалы
a Ключевые слова Россия
a Ключевые слова русская культура
a Ключевые слова русские
a Ключевые слова социальная этика
a Ключевые слова старцы
a Ключевые слова странничество
a Ключевые слова этика
773 00 d Дата издания источника Москва, 1999
g Прочая информация С. 653-685
t Заглавие источника Русские
w Контрольный № источника RU/IS/BASE/102094566
901 t Тип документа a